|
|
|
|
| LEADER |
00000nam0a2200000 4500 |
| 001 |
162991 |
| 005 |
20231031160630.0 |
| 010 |
|
|
|a 5110008159
|
| 035 |
|
|
|a (RuTPU)RU\TPU\book\176781
|
| 090 |
|
|
|a 162991
|
| 100 |
|
|
|a 20090630d1991 m y0rusy50 ca
|
| 101 |
0 |
|
|a rus
|
| 102 |
|
|
|a UA
|
| 105 |
|
|
|a a z 000zy
|
| 200 |
1 |
|
|a Социальная справедливость и равенство: проблемы теории и практики
|f А. Ф. Колодий
|
| 210 |
|
|
|a Львов
|c Свит
|d 1991
|
| 215 |
|
|
|a 198 с.
|c ил.
|
| 333 |
|
|
|a Исключено из фонда НТБ ТПУ
|
| 700 |
|
1 |
|a Колодий
|b А. Ф.
|g Антонина Федоровна
|
| 801 |
|
1 |
|a RU
|b 63413507
|c 20090630
|g PSBO
|
| 801 |
|
2 |
|a RU
|b 63413507
|c 20170124
|g RCR
|
| 942 |
|
|
|c BK
|